Veľtrh cvičných firiem na Dunaji

Bibliographic Details
Main Author: Horecká, Gabriela (Author)
Format: Article
Language:Slovak
ISSN:0139-5769
Subjects:
Online Access:www.ucitelskenoviny.eu

MARC

LEADER 00000nab a2200000 a 4500
001 vtls010056094
003 SK-MaSNL
005 20260426073248.0
008 140302c2009 xo sr|p||| |000 b|slo
015 |a SNBRB2010/01 
038 |a SPK 
040 |a SPKCL  |b slo  |c AACR2  |e AACR2 
041 0 |a slo 
044 |a xo  |c SK 
072 7 |a 377  |x Odborné vzdelávanie  |2 konspekt 
080 |a 377  |2 2001 
080 |a 37.018.57  |2 2001 
080 |a 37.03  |2 2001 
100 1 |a Horecká, Gabriela  |4 aut  |9 472741 
245 1 0 |a Veľtrh cvičných firiem na Dunaji  |c Gabriela Horecká 
650 0 7 |a fiktívne firmy  |2 snkbucl  |9 74455 
650 0 7 |a stredné odborné školy  |2 snkbucl  |9 67892 
650 0 7 |a rozvíjanie schopností  |2 snkbucl  |9 342653 
650 0 7 |a medzinárodné veľtrhy  |2 snkbucl  |9 1037441 
651 7 |a Slovensko  |2 snkbucl  |9 14231 
773 0 |t Učiteľské noviny  |g Roč. LVIII, č. 49. - 50. týždeň (2009),  |x 0139-5769 
773 0 8 |t Školstvo odborne  |g Č. 49. - 50. týždeň (2009), s. [17] 
852 |a SPK  |b KIS3GCP 
856 4 1 |u www.ucitelskenoviny.eu 
999 |c 2700792  |d 2702722